<?xml version="1.0" encoding="UTF-8"?>
<record
    xmlns:xsi="http://www.w3.org/2001/XMLSchema-instance"
    xsi:schemaLocation="http://www.loc.gov/MARC21/slim http://www.loc.gov/standards/marcxml/schema/MARC21slim.xsd"
    xmlns="http://www.loc.gov/MARC21/slim">

  <leader>01056cam a22002771a 4500</leader>
  <controlfield tag="001">he 67002215 </controlfield>
  <controlfield tag="003">DLC</controlfield>
  <controlfield tag="005">20260227111451.0</controlfield>
  <controlfield tag="008">910923r19671857is            000 0 hebr </controlfield>
  <datafield tag="010" ind1=" " ind2=" ">
    <subfield code="a">he 67002215 </subfield>
  </datafield>
  <datafield tag="035" ind1=" " ind2=" ">
    <subfield code="a">(OCoLC)24434480</subfield>
  </datafield>
  <datafield tag="040" ind1=" " ind2=" ">
    <subfield code="a">DLC</subfield>
    <subfield code="c">CLU</subfield>
    <subfield code="d">DLC</subfield>
  </datafield>
  <datafield tag="042" ind1=" " ind2=" ">
    <subfield code="a">premarc</subfield>
  </datafield>
  <datafield tag="050" ind1="0" ind2="0">
    <subfield code="a">BM522.8</subfield>
    <subfield code="b">.A697 1967</subfield>
  </datafield>
  <datafield tag="100" ind1="1" ind2=" ">
    <subfield code="a">Rapaport, &#x1E24;ayyim ben Dov,</subfield>
    <subfield code="c">ha-Kohen,</subfield>
    <subfield code="d">-1839.</subfield>
  </datafield>
  <datafield tag="245" ind1="1" ind2="0">
    <subfield code="a">Sefer Shee&#x315;lot u-teshuvot mayim &#x1E25;ayim /</subfield>
    <subfield code="c">hekhinam ve-gam &#x1E25;akram &#x1E24;ayim Kohen Rapoport.</subfield>
  </datafield>
  <datafield tag="260" ind1=" " ind2=" ">
    <subfield code="a">[Tel Aviv?] :</subfield>
    <subfield code="b">Yad Da&#x1E7F;id,</subfield>
    <subfield code="c">[1967?]</subfield>
  </datafield>
  <datafield tag="300" ind1=" " ind2=" ">
    <subfield code="a">2 v. in 1 ;</subfield>
    <subfield code="c">28 cm.</subfield>
  </datafield>
  <datafield tag="500" ind1=" " ind2=" ">
    <subfield code="a">Reprint. Originally published: Zhitomir : &#x1E24;anina Lipa &#x1E7F;e Yehoshu'a Heshil Shapira, 617, 1857.</subfield>
  </datafield>
  <datafield tag="500" ind1=" " ind2=" ">
    <subfield code="a">"&#x1E32;un&#x1E6D;res otsrot &#x1E25;ayim ; &#x1E25;idushe torah" (p. [125]-151 at end) has special t.p.</subfield>
  </datafield>
  <datafield tag="650" ind1=" " ind2="0">
    <subfield code="a">Responsa</subfield>
    <subfield code="y">1800-1948.</subfield>
  </datafield>
  <datafield tag="630" ind1="0" ind2="0">
    <subfield code="a">Bible.</subfield>
    <subfield code="p">Pentateuch</subfield>
    <subfield code="v">Commentaries.</subfield>
  </datafield>
  <datafield tag="700" ind1="1" ind2=" ">
    <subfield code="a">Rapaport, &#x1E24;ayyim ben Dov,</subfield>
    <subfield code="c">ha-Kohen,</subfield>
    <subfield code="d">-1839.</subfield>
    <subfield code="t">Otsrot &#x1E24;ayim.</subfield>
  </datafield>
  <datafield tag="740" ind1="0" ind2=" ">
    <subfield code="a">Mayim &#x1E25;ayim.</subfield>
  </datafield>
  <datafield tag="740" ind1="0" ind2=" ">
    <subfield code="a">Shee&#x315;lot u-teshuvot mayim &#x1E25;ayim.</subfield>
  </datafield>
  <datafield tag="999" ind1=" " ind2=" ">
    <subfield code="c">32745</subfield>
    <subfield code="d">32745</subfield>
  </datafield>
</record>
